000 00511nam a2200169 i 4500
001 137444
003 ES-MaACL
005 20230906195355.0
007 t|
008 070214s1905 sp r ||||1| spa d
100 1 _aSánchez Anido, José.
_9102457
245 1 0 _aReforma de la beneficencia domiciliaria municipal de Madrid /
_cJosé Sánchez Anido.
260 _aMadrid :
_bRamona Velasco,
_c1905.
300 _a14 p. ;
_c23 cm.
650 4 _aBeneficencia-
_zMadrid.
_9150492
852 _aES-MaACL
_jT-1065-F-6
999 _c137444
_d137444